00646 2200265 4500001002100000005001500021035002000036007000300056008004100059020002200100082000800122084001400130100001600144245003000160260004400190300003700234650001700271520002600288990001100314990001100325990001100336990001100347990001100358990001100369INLIS00000000000214620180727092350 a0010-0718000098ta180727 g 0 ind  a978-602-02-6656-5 a920 a920 KOK a0 aKOKO, Prabu1 aAnakku CDLS /cKoko Prabu aJakarta :bElex Media Komputindo,c2015 axiv, 170 hlm. :bilus. ;c21 cm. aAUTOBIOGRAFI abibliografi: hlm. 170 a16608a a16608b a16608b a16608a a16608a a16608b